Las nuevas caras de empleo/

Gorde:
Xehetasun bibliografikoak
Egile nagusia: Bodson, Paul
Beste egile batzuk: Cordero Ulate, Allen, Pérez Sáinz, Juan Pablo
Formatua: Texto
Argitaratua: San José: FLACSO. Programa Costa Rica
Gaiak:
Etiketak: Etiketa erantsi
Etiketarik gabe, Izan zaitez lehena erregistro honi etiketa jartzen!

MARC

LEADER 00000 a a2200000 04500
001 11738
003
040 |a CRAI/IIS  |c CRAI/IIS 
090 |a 140700  
100 |a Bodson, Paul  
245 |a Las nuevas caras de empleo/   |c Paul Bodson 
260 |a San José:   |b FLACSO. Programa Costa Rica  
300 |a 92 p.  
300 |b **no definido**  
650 |a TRABAJO  
650 |a MERCADO DE TRABAJO  
650 |a MANO DE OBRA  
650 |a UTILIZACION DE LA MANO DE OBRA  
650 |a EMPLEO  
650 |a ESTRUCTURA DEL EMPLEO  
650 |a ANALISIS DEL EMPLEO  
650 |a ESTADISTICAS DE EMPLEO  
700 |a Cordero Ulate, Allen  
700 |a Pérez Sáinz, Juan Pablo  
999 |c 17716  |d 17716